The morning star: (Record no. 37638)

MARC details
000 -LEADER
fixed length control field 00811nam a22001817a 4500
008 - FIXED-LENGTH DATA ELEMENTS--GENERAL INFORMATION
fixed length control field 101208t xxu||||| |||| 00| 0 eng d
050 ## - LIBRARY OF CONGRESS CALL NUMBER
Classification number BR270
Item number .P37 1965
100 ## - MAIN ENTRY--PERSONAL NAME
Personal name Parker, G. H. W. (Geoffrey Henry William)
245 ## - TITLE STATEMENT
Title The morning star:
Remainder of title Wycliffe and the dawn of the Reformation/
Statement of responsibility, etc by G. H. W. Parker.
260 ## - PUBLICATION, DISTRIBUTION, ETC. (IMPRINT)
Place of publication, distribution, etc Michigan
Name of publisher, distributor, etc Grand Rapids, W. B. Eerdmans
Date of publication, distribution, etc [1966, c1965]
300 ## - PHYSICAL DESCRIPTION
Extent 248 p.
Dimensions 23 cm.
440 ## - SERIES STATEMENT/ADDED ENTRY--TITLE
Title The Advance of Christianity through the centuries ; v. 3.
500 ## - GENERAL NOTE
General note include bibliography: 235-240 and index
650 ## - SUBJECT ADDED ENTRY--TOPICAL TERM
Topical term or geographic name as entry element Wycliffe, John, d. 1384.
650 ## - SUBJECT ADDED ENTRY--TOPICAL TERM
Topical term or geographic name as entry element Church history
Form subdivision Middle Ages, 600-1500.
942 ## - ADDED ENTRY ELEMENTS (KOHA)
Source of classification or shelving scheme Library of Congress Classification
Item type Book
Holdings
Withdrawn status Lost status Source of classification or shelving scheme Damaged status Not for loan Collection code Home library Current library Shelving location Date acquired Source of acquisition Total Checkouts Full call number Barcode Date last borrowed Copy number Price effective from Koha item type
    Library of Congress Classification     Non-fiction Bishop Okullu Memorial Library (Limuru Campus) Bishop Okullu Memorial Library (Limuru Campus) General Circulation 08/12/2010 purchase 1 BR270 .P37 1965 023604 13/09/2017 1 08/12/2010 Book